[Event "Muensterland Verbandsklasse 1415"]
[Site "Germany"]
[Date "2015.02.28"]
[Round "7.2"]
[White "Richter, Juergen"]
[Black "Rudde, Simon"]
[Result "1/2-1/2"]
[WhiteElo "1939"]
[BlackElo "1718"]
[PlyCount "40"]
[EventDate "2014.09.13"]
[EventType "team-tourn"]
[EventRounds "9"]
[EventCountry "GER"]
[SourceTitle "EXT 2016"]
[Source "ChessBase"]
[SourceDate "2015.10.08"]
[SourceVersion "1"]
[SourceVersionDate "2015.10.08"]
[SourceQuality "1"]
[WhiteTeam "Ibbenbueren"]
[BlackTeam "Ahaus Wessum II"]
[WhiteTeamCountry "GER"]
[BlackTeamCountry "GER"]

1. d4 d5 2. Nf3 Nf6 3. Bf4 e6 4. e3 Bd6 5. Bd3 Bxf4 6. exf4 c5 7. c3 cxd4 8. Nxd4 Nc6 9. Ne2 0-0 10. Nd2 e5 11. 0-0 e4 12. Bc2 Bg4 13. Nb3 Nh5 14. h3 Bxe2 15. Qxe2 Nxf4 16. Qg4 Qf6 17. g3 Ne6 18. f4 Rad8 19. Rad1 b6 20. Qe2 Qh6 1/2-1/2

[Event "Muensterland Verbandsklasse-A 0910"]
[Site "Germany"]
[Date "2010.04.24"]
[Round "9.4"]
[White "Rudde, Simon"]
[Black "Grund, Wolfgang"]
[Result "1-0"]
[WhiteElo "1686"]
[BlackElo "1836"]
[PlyCount "71"]
[EventDate "2009.09.19"]
[EventType "team-tourn"]
[EventRounds "9"]
[EventCountry "GER"]
[SourceTitle "EXT 2011"]
[Source "ChessBase"]
[SourceDate "2010.11.26"]
[SourceVersion "1"]
[SourceVersionDate "2010.11.26"]
[SourceQuality "1"]
[WhiteTeam "Ahaus Wessum II"]
[BlackTeam "Duelmen"]
[WhiteTeamCountry "GER"]
[BlackTeamCountry "GER"]

1. e4 c5 2. Nf3 Nc6 3. d4 cxd4 4. Nxd4 e5 5. Nb5 Bc5 6. Nd6+ Kf8 7. Qd5 Bxd6 8. Qxd6+ Nge7 9. Bc4 b5 10. Bxb5 Nd4 11. Bd3 f6 12. 0-0 Qe8 13. Nc3 Bb7 14. f4 Qd8 15. fxe5 Qb6 16. Qxb6 axb6 17. exf6 gxf6 18. Rxf6+ Kg7 19. Rxb6 Bc6 20. Bf4 Ng6 21. Be3 Ne6 22. Bc4 Rhe8 23. Bd5 Rac8 24. Rd1 Re7 25. Bxc6 dxc6 26. Rd6 Ne5 27. b3 Kf7 28. Ne2 Ng4 29. Bf2 Nxf2 30. Kxf2 Nc5 31. Ng3 Rxe4 32. Rdxc6 Rxc6 33. Rxc6 Re5 34. a4 h5 35. Rh6 Kg7 36. Rxh5 1-0

[Event "Muensterland Verbandsklasse-A 0910"]
[Site "Germany"]
[Date "2009.12.19"]
[Round "4.3"]
[White "Rudde, Simon"]
[Black "Lachmuth, Mathias"]
[Result "1/2-1/2"]
[WhiteElo "1686"]
[BlackElo "1726"]
[PlyCount "46"]
[EventDate "2009.09.19"]
[EventType "team-tourn"]
[EventRounds "9"]
[EventCountry "GER"]
[SourceTitle "EXT 2011"]
[Source "ChessBase"]
[SourceDate "2010.11.26"]
[SourceVersion "1"]
[SourceVersionDate "2010.11.26"]
[SourceQuality "1"]
[WhiteTeam "Ahaus Wessum II"]
[BlackTeam "Emsdetten Rochade II"]
[WhiteTeamCountry "GER"]
[BlackTeamCountry "GER"]

1. e4 a6 2. d4 b5 3. Nf3 Bb7 4. Bd3 Nf6 5. Qe2 e6 6. 0-0 Be7 7. b3 0-0 8. Bb2 d6 9. Nbd2 Nbd7 10. c4 bxc4 11. Nxc4 c5 12. Nfd2 cxd4 13. Bxd4 d5 14. exd5 Bxd5 15. Rfd1 Bc5 16. Bb2 Qc7 17. Ne5 Nxe5 18. Bxe5 Bd6 19. Rab1 Qb8 20. Bxf6 gxf6 21. Qh5 f5 22. Qg5+ Kh8 23. Qf6+ Kg8 1/2-1/2

[Event "Muensterland Verbandsliga 0809"]
[Site "Germany"]
[Date "2008.11.15"]
[Round "3.8"]
[White "Rudde, Simon"]
[Black "Pinno, Gregor"]
[Result "0-1"]
[WhiteElo "1693"]
[BlackElo "1568"]
[PlyCount "84"]
[EventDate "2008.09.20"]
[EventType "tourn"]
[EventRounds "9"]
[EventCountry "GER"]
[SourceTitle "EXT 2010"]
[Source "ChessBase"]
[SourceDate "2010.11.25"]
[SourceVersion "1"]
[SourceVersionDate "2010.11.25"]
[SourceQuality "1"]
[WhiteTeam "Ahaus Wessum"]
[BlackTeam "Olfen"]
[WhiteTeamCountry "GER"]
[BlackTeamCountry "GER"]

1. e4 c5 2. Nf3 e6 3. d4 cxd4 4. Nxd4 Bc5 5. Nb3 Bb6 6. Nc3 Ne7 7. Be2 0-0 8. 0-0 f5 9. Bg5 Nbc6 10. exf5 Rxf5 11. Bxe7 Qxe7 12. Bd3 Rf7 13. Qh5 g6 14. Qe2 d5 15. Rae1 Bd7 16. Na4 Nd4 17. Nxd4 Bxd4 18. c3 Bxf2+ 19. Rxf2 Rxf2 20. Qxf2 Bxa4 21. Qd4 Bc6 22. Qe3 Re8 23. Qxa7 Qg5 24. Qe3 Qxe3+ 25. Rxe3 e5 26. Bc2 e4 27. a4 Ra8 28. Bb3 Kg7 29. Kf2 Kf6 30. Re2 Ke5 31. Ke3 Bxa4 32. Bxa4 Rxa4 33. Rf2 Ra2 34. Rf8 Rxb2 35. Re8+ Kd6 36. Rd8+ Ke6 37. Re8+ Kd7 38. Rh8 h5 39. Rh7+ Kc6 40. g3 Rxh2 41. Rh6 Rc2 42. Rxg6+ Kc5 0-1

[Event "Muensterland Verbandsliga 0203"]
[Site "Muensterland"]
[Date "2003.04.26"]
[Round "9.8"]
[White "Muth, Josef"]
[Black "Rudde, Simon"]
[Result "1/2-1/2"]
[WhiteElo "1978"]
[BlackElo "1570"]
[PlyCount "80"]
[EventDate "2002.09.21"]
[EventType "team-tourn"]
[EventRounds "9"]
[EventCountry "GER"]
[SourceTitle "EXT 2004"]
[Source "ChessBase"]
[SourceDate "2003.11.25"]
[SourceVersion "1"]
[SourceVersionDate "2003.11.25"]
[SourceQuality "1"]
[WhiteTeam "Westbevern"]
[BlackTeam "Ahaus Wessum"]
[WhiteTeamCountry "GER"]
[BlackTeamCountry "GER"]

1. d4 d5 2. c4 e6 3. Nc3 Nf6 4. cxd5 exd5 5. Bg5 Nbd7 6. e3 c6 7. Bd3 Qa5 8. Nf3 Bb4 9. Qc2 0-0 10. 0-0 Bxc3 11. bxc3 h6 12. Bf4 Re8 13. h3 c5 14. c4 dxc4 15. Bxc4 b5 16. Be2 cxd4 17. Nxd4 Ba6 18. Rfd1 Rac8 19. Qb2 Qc3 20. Qxc3 Rxc3 21. Bxb5 Bxb5 22. Nxb5 Rc2 23. Nd4 Rb2 24. Nf5 Nc5 25. a4 Nce4 26. Nd6 Rd8 27. Nxe4 Rxd1+ 28. Rxd1 Nxe4 29. Rd8+ Kh7 30. Rd7 Kg6 31. Rxa7 Rb1+ 32. Kh2 Nxf2 33. g4 Nd3 34. Kg3 Nxf4 35. Kxf4 Rf1+ 36. Kg3 Re1 37. Kf2 Rh1 38. Kg2 Re1 39. Kf2 Rh1 40. Kg3 Re1 1/2-1/2

[Event "Muensterland Verbandsliga 0203"]
[Site "Muensterland"]
[Date "2003.02.08"]
[Round "6.8"]
[White "Rudde, Simon"]
[Black "Kipp, Lucas"]
[Result "0-1"]
[WhiteElo "1570"]
[BlackElo "1624"]
[PlyCount "52"]
[EventDate "2002.09.21"]
[EventType "team-tourn"]
[EventRounds "9"]
[EventCountry "GER"]
[SourceTitle "EXT 2004"]
[Source "ChessBase"]
[SourceDate "2003.11.25"]
[SourceVersion "1"]
[SourceVersionDate "2003.11.25"]
[SourceQuality "1"]
[WhiteTeam "Ahaus Wessum"]
[BlackTeam "Saerbeck Falke"]
[WhiteTeamCountry "GER"]
[BlackTeamCountry "GER"]

1. e4 e5 2. Bc4 Nf6 3. d4 Nc6 4. d5 Nb8 5. Bg5 h6 6. Bxf6 Qxf6 7. Nf3 Bc5 8. 0-0 d6 9. Nbd2 a6 10. Bd3 Nd7 11. c4 Nf8 12. Nb3 Ba7 13. Qc2 Ng6 14. c5 Nf4 15. Ne1 0-0 16. Kh1 Qg6 17. Rc1 f5 18. exf5 Bxf5 19. Bxf5 Qxf5 20. Qc4 Qh5 21. f3 dxc5 22. Nxc5 b5 23. Qe4 Bxc5 24. Rxc5 Rac8 25. Nd3 Qg5 26. Rfc1 Qxg2# 0-1